000 00908nam a22002417a 4500
999 _c65041
_d65041
005 20240530110804.0
008 190115s2017 ua a g 000 0 ara d
017 _a2017/25376
_bمصر. دار الكتب
020 _a9789776602304
040 _aEG-CaGPL
_cEG-CaGPL
082 0 4 _221
_a338.514 /
_bا د
100 0 _aالسيد محمد احمد السريتى
245 1 0 _aدراسة الجدوى الاقتصادية /
_cالسيد محمد احمد السريتى ، نزار عماره الرايسى
250 _aط.1
260 _aالقاهرة :
_bدار فاروس العلمية،
_c2018 .
300 _a356 ص. :
_bايض ؛
_c24 سم.
600 0 _aعباس محمود العقاد
650 0 7 _2qrmak
_aدراسة الجدوى
651 _2qrmak
700 0 _aنزار عماره الرايسى
_eمؤلف مشارك
942 _2ddc
_cBK